Estadísticas para Seis Grados de Separación - Países #2

Haz click aquí para intentar la prueba.

Estadísticas generales

  • Esta prueba ha sido intentada 1.807 veces
  • La puntuación promedio es 14 de 24

Estadísticas de respuestas

ColorPistaPaís% Correcto
VerdeEl sede de la Copa Mundial de 2022 fue...Catar
97%
VerdeQue tiene frontera terrestre con...Arabia Saudita
93%
AzulLa Gran Pirámide se ubica en...Egipto
90%
VerdeQue sólo tiene menos reservas
petroleras que...
Venezuela
74%
AzulQue en 2022 invadió...Ucrania
67%
AzulQue firmó un tratado de paz en 1979 con...Israel
66%
VerdeQue se independizó de...Reino Unido
66%
Azul
Que ha recibido más que 1 millón de inmigrantes de...
Rusia
66%
VerdeQue reclama 75% del territorio de...Guyana
64%
AmarilloMogadiscio es la capital de...Somalia
60%
AmarilloCuyo vecino asiático más cercano es...Yemen
58%
AmarilloQue limita por el este con...Omán
56%
RojoAntes Zaire fue el nombre de...R. D. Congo
52%
RojoQue se colonizó por...Bélgica
50%
Verde
Que tiene una universidad más vieja que las de cada país excepto...
Italia
50%
RojoQue limita con el Gran Ducado de...Luxemburgo
50%
AzulCuya bandera tiene casi los
mismos colores que...
Suecia
48%
AzulQue se conecta por puente con...Dinamarca
47%
Rojo
Que es el segundo país menos poblado de la UE después de...
Malta
46%
RojoQue se ubica en el mediterráneo como...Chipre
45%
RojoCuyo vecino más cercano es...Turquía
43%
AmarilloQue se reina por un sultán como en...Brunéi
38%
AmarilloQue se rodea por tres lados por...Malasia
36%
Amarillo
Que es el único páis con orangutanes aparte de...
Indonesia
35%

Distribución de puntuación

Porcentaje por número respondido

Porcentaje de gente con cada puntuación

Historial de tus puntuaciones

No has intentado esta prueba.